000 00307nam a22001337a 4500
008 170303b xxu||||| |||| 00| 0 eng d
020 _a2900716749393
041 _aeng
080 _28 ED
_a575
100 _a5
101 _aSHM
245 _aINTRODUCTION TO GENETICS ANALYSIS
_cLEWONTIN .W
942 _2udc
_cBK
999 _c6748
_d6748